Model of Balanced Scorecard-Ex-Ante and Ex-Post Decision Making

Objasnenie základného konceptu modelu Balanced Scorecard, vytvorenie nástroja scorecard pre dve organizačné jednotky. Nastolenie bežných a jedinečných indikátorov pre hodnotenie výkonnosti daných prvkov a prieskum vplyvu týchto dvoch kategórií indikátorov v hodnotení organizačných jednotiek výkonnos...

Full description

Saved in:
Bibliographic Details
Main Author: Hocman, František, 1983-
Other Authors: Jančovičová Bognárová, Kristína, 1979-
Format: Book Chapter
Language:English
Subjects:
Tags: Add Tag
No Tags, Be the first to tag this record!

MARC

LEADER 00000naa$a2200000$$$4500
001 0261502
005 20240502083751.1
041 0 |a eng 
044 |a BG 
245 1 0 |a Model of Balanced Scorecard-Ex-Ante and Ex-Post Decision Making  |c František Hocman, Kristína Jančovičová Bognárová 
520 |a Objasnenie základného konceptu modelu Balanced Scorecard, vytvorenie nástroja scorecard pre dve organizačné jednotky. Nastolenie bežných a jedinečných indikátorov pre hodnotenie výkonnosti daných prvkov a prieskum vplyvu týchto dvoch kategórií indikátorov v hodnotení organizačných jednotiek výkonnosti. 
610 2 0 |a výkonnosť podniku 
610 2 0 |a ukazovatele 
610 2 0 |a stratégia podnikateľská 
610 2 0 |a meranie 
610 2 0 |a modely 
100 1 |a Hocman, František, 1983- 
700 1 |a Jančovičová Bognárová, Kristína, 1979-